Calculus : (Record no. 28512)
[ view plain ]
| 000 -LEADER | |
|---|---|
| fixed length control field | 01478nam a2200301 i 4500 |
| 003 - CONTROL NUMBER IDENTIFIER | |
| control field | CSPC |
| 005 - DATE AND TIME OF LATEST TRANSACTION | |
| control field | 20241125160716.0 |
| 008 - FIXED-LENGTH DATA ELEMENTS--GENERAL INFORMATION | |
| fixed length control field | 241122s2021 at a 001 0 eng d |
| 020 ## - INTERNATIONAL STANDARD BOOK NUMBER | |
| International Standard Book Number | 9780357113516 |
| 040 ## - CATALOGING SOURCE | |
| Transcribing agency | CSPC |
| Original cataloging agency | CSPC |
| Language of cataloging | eng |
| Description conventions | rda |
| 050 00 - LIBRARY OF CONGRESS CALL NUMBER | |
| Classification number | QA303.2 |
| Item number | .S7315 2021 |
| 082 04 - DEWEY DECIMAL CLASSIFICATION NUMBER | |
| Classification number | 515 |
| Item number | St491c |
| 100 1# - MAIN ENTRY--PERSONAL NAME | |
| Personal name | Stewart, James, |
| Relator term | author. |
| 245 10 - TITLE STATEMENT | |
| Title | Calculus : |
| Remainder of title | early transcendentals, metric version / |
| Statement of responsibility, etc. | James Stewart, Daniel Clegg, and Saleem Watson. |
| 250 ## - EDITION STATEMENT | |
| Edition statement | Ninth edition. |
| 264 #1 - PRODUCTION, PUBLICATION, DISTRIBUTION, MANUFACTURE, AND COPYRIGHT NOTICE | |
| Place of production, publication, distribution, manufacture | Australia : |
| Name of producer, publisher, distributor, manufacturer | Cengage, |
| Date of production, publication, distribution, manufacture, or copyright notice | 2021. |
| 300 ## - PHYSICAL DESCRIPTION | |
| Extent | xxx, 1214 [A-158] pages : |
| Other physical details | illustrations ; |
| Dimensions | 26 cm. |
| 336 ## - CONTENT TYPE | |
| Content type term | text |
| Source | rdacontent |
| 337 ## - MEDIA TYPE | |
| Media type term | unmediated |
| Source | rdamedia |
| 338 ## - CARRIER TYPE | |
| Carrier type term | volume |
| Source | rdacarrier |
| 500 ## - GENERAL NOTE | |
| General note | Includes index. |
| 505 0# - FORMATTED CONTENTS NOTE | |
| Formatted contents note | Functions and models -- Limits and derivatives -- Differentiation rules -- Applications of differentiation -- Integrals -- Applications of integration -- Techniques of integration -- Further applications of integration -- Differential equations -- Parametric equations and polar coordinates -- Sequences, series, and power series -- Vectors and the geometry of space -- Vectors functions -- Partial derivatives -- Multiple integrals -- Vector calculus. |
| 650 #0 - SUBJECT ADDED ENTRY--TOPICAL TERM | |
| Topical term or geographic name entry element | Calculus |
| Form subdivision | Textbooks. |
| 700 1# - ADDED ENTRY--PERSONAL NAME | |
| Personal name | Clegg, Daniel, |
| Relator term | author. |
| 700 1# - ADDED ENTRY--PERSONAL NAME | |
| Personal name | Watson, Saleem, |
| Relator term | author. |
| 942 ## - ADDED ENTRY ELEMENTS (KOHA) | |
| Source of classification or shelving scheme | Dewey Decimal Classification |
| Suppress in OPAC | No |
| Koha item type | Books |
| Classification part | 515 |
| Item part | St491c |
| Call number prefix | ENG |
| Call number suffix | 2021 |
| Withdrawn status | Lost status | Source of classification or shelving scheme | Damaged status | Not for loan | Home library | Current library | Shelving location | Date acquired | Total Checkouts | Full call number | Barcode | Date last seen | Date last checked out | Copy number | Price effective from | Koha item type |
|---|---|---|---|---|---|---|---|---|---|---|---|---|---|---|---|---|
| Dewey Decimal Classification | Main Library | Main Library | Engineering Section | 11/22/2024 | 3 | ENG 515 St491c 2021 | 028516 | 04/13/2026 | 03/16/2026 | 1-1 | 11/22/2024 | Books |